LEADER 02319nam 2200553z- 450 001 9910557687203321 005 20211118 035 $a(CKB)5400000000044660 035 $a(oapen)https://directory.doabooks.org/handle/20.500.12854/73918 035 $a(oapen)doab73918 035 $a(EXLCZ)995400000000044660 100 $a20202111d2020 |y 0 101 0 $aeng 135 $aurmn|---annan 181 $ctxt$2rdacontent 182 $cc$2rdamedia 183 $acr$2rdacarrier 200 00$aAntarctic Biology: Scale Matters 210 $cFrontiers Media SA$d2020 215 $a1 online resource (281 p.) 311 08$a2-88963-778-6 330 $aThis eBook is a collection of articles from a Frontiers Research Topic. Frontiers Research Topics are very popular trademarks of the Frontiers Journals Series: they are collections of at least ten articles, all centered on a particular subject. With their unique mix of varied contributions from Original Research to Review Articles, Frontiers Research Topics unify the most influential researchers, the latest key findings and historical advances in a hot research area! Find out more on how to host your own Frontiers Research Topic or contribute to one as an author by contacting the Frontiers Editorial Office: frontiersin.org/about/contact 517 $aAntarctic Biology 606 $aEcological science, the Biosphere$2bicssc 606 $aScience: general issues$2bicssc 610 $aAntarctica 610 $abiodiversity 610 $aeco-evo 610 $aglobal change 610 $aspatial scale 610 $atemporal scale 615 7$aEcological science, the Biosphere 615 7$aScience: general issues 700 $aConvey$b Peter$4edt$01322930 702 $aLinse$b Katrin$4edt 702 $aJames Griffiths$b Huw$4edt 702 $aDanis$b Bruno$4edt 702 $aPieter Van de Putte$b Anton$4edt 702 $aElizabeth Murray$b Alison$4edt 702 $aConvey$b Peter$4oth 702 $aLinse$b Katrin$4oth 702 $aJames Griffiths$b Huw$4oth 702 $aDanis$b Bruno$4oth 702 $aPieter Van de Putte$b Anton$4oth 702 $aElizabeth Murray$b Alison$4oth 906 $aBOOK 912 $a9910557687203321 996 $aAntarctic Biology: Scale Matters$93035276 997 $aUNINA